000 00574nam a2200193 a 4500
001 000028004
005 20240412074253.0
008 110406s1995 dr 000 j spa d
040 _aDO-SdBNP
_bspa
_cBNPHU
082 _aRD863.44
_bA353o
100 1 _aAlcántara Lebrón, Nixon
_924320
245 1 0 _aObjeto maravilloso /
_cNixon Alcántara Lebrón.
260 _aSanto Domingo :
_bBúho,
_c1995.
300 _a51 p. ;
_c22 cm.
650 0 _aCuentos dominicanos
_9176
650 0 _aLiteratura dominicana.
_967
910 _aValidado. Control de calidad MFF
049 _aBNPD
999 _c27496
_d27496